LEADER 05551nam 2200721Ia 450 001 9910460391603321 005 20200520144314.0 010 $a0-08-052967-4 010 $a1-281-79526-7 010 $a9786611795269 035 $a(CKB)3710000000403386 035 $a(EBL)2033828 035 $a(OCoLC)908512045 035 $a(SSID)ssj0000127597 035 $a(PQKBManifestationID)12000441 035 $a(PQKBTitleCode)TC0000127597 035 $a(PQKBWorkID)10054418 035 $a(PQKB)10620509 035 $a(SSID)ssj0001535876 035 $a(PQKBManifestationID)11886821 035 $a(PQKBTitleCode)TC0001535876 035 $a(PQKBWorkID)11508453 035 $a(PQKB)11106947 035 $a(MiAaPQ)EBC404049 035 $a(Au-PeEL)EBL404049 035 $a(CaPaEBR)ebr10251184 035 $a(CaONFJC)MIL179526 035 $a(OCoLC)437245413 035 $a(EXLCZ)993710000000403386 100 $a20050713d2005 fy 0 101 0 $aeng 135 $aur|n|---||||| 181 $ctxt 182 $cc 183 $acr 200 10$aComputational fluid dynamics$b[electronic resource] $eprinciples and applications /$fJ. Blazek 205 $a2nd ed. 210 $aAmsterdam ;$aBoston ;$aLondon $cElsevier$d2005 215 $a1 online resource (466 p.) 300 $aPrevious ed.: Oxford: Elsevier Science, 2001. 311 $a0-08-044506-3 320 $aIncludes bibliographical references and index. 327 $a""Front Cover""; ""Computational Fluid Dynamics: Principles and Applications""; ""Copyright""; ""Contents""; ""Acknowledgments""; ""List of Symbols""; ""Abbreviations""; ""Chapter 1: Introduction""; ""Chapter 2: Governing Equations""; ""2.1 The Flow and Its Mathematical Description""; ""2.1.1 Finite control volume""; ""2.2 Conservation Laws""; ""2.2.1 The continuity equation""; ""2.2.2 The momentum equation""; ""2.2.3 The energy equation""; ""2.3 Viscous Stresses""; ""2.4 Complete System of the Navier-Stokes Equations""; ""2.4.1 Formulation for a perfect gas"" 327 $a""2.4.2 Formulation for a real gas""""2.4.3 Simplifications to the Navier-Stokes equations""; ""Thin shear layer approximation""; ""Parabolized Navier-Stokes equations""; ""Euler equations""; "" References""; ""Chapter 3: Principles of Solution of the Governing Equations""; ""3.1 Spatial Discretization""; ""3.1.1 Finite-difference method""; ""3.1.2 Finite-volume method""; ""3.1.3 Finite-element method""; ""3.1.4 Other discretization methods""; ""Spectral-element method""; ""Lattice Boltzmann method""; ""Gridless method""; ""3.1.5 Central and upwind schemes""; ""Central schemes"" 327 $a""Upwind schemes""""Flux-vector splitting schemes""; ""Flux-difference splitting schemes""; ""TVD Schemes""; ""Fluctuation-splitting schemes""; ""Solution reconstruction""; ""First- and second-order schemes""; ""ENO/WENO Schemes""; ""Central versus upwind schemes""; ""Upwind schemes for real gas flows""; ""3.2 Temporal Discretization""; ""3.2.1 Explicit schemes""; ""3.2.2 Implicit schemes""; ""3.3 Turbulence Modeling""; ""3.4 Initial and Boundary Conditions""; "" References""; ""Chapter 4: Structured Finite-Volume Schemes""; ""4.1 Geometrical Quantities of a Control Volume"" 327 $a""4.1.1 Two-dimensional case""""4.1.2 Three-dimensional case""; ""4.2 General Discretization Methodologies""; ""4.2.1 Cell-centered scheme""; ""4.2.2 Cell-vertex scheme: overlapping control volumes""; ""4.2.3 Cell-vertex scheme: dual control volumes""; ""4.2.4 Cell-centered versus cell-vertex schemes""; ""4.3 Discretization of the Convective Fluxes""; ""4.3.1 Central scheme with artificial dissipation""; ""Scalar dissipation scheme""; ""Matrix dissipation scheme""; ""4.3.2 Flux-vector splitting schemes""; ""Van Leer's scheme""; ""AUSM""; ""CUSP scheme"" 327 $a""4.3.3 Flux-difference splitting schemes""""Roe upwind scheme""; ""4.3.4 Total variation diminishing schemes""; ""Upwind TVD scheme""; ""4.3.5 Limiter functions""; ""Limiter functions for MUSCL interpolation""; ""MUSCL scheme with =0""; ""MUSCL scheme with =1/3""; ""Limiter for CUSP scheme""; ""Limiter for TVD scheme""; ""4.4 Discretization of the Viscous Fluxes""; ""4.4.1 Cell-centered scheme""; ""4.4.2 Cell-vertex scheme""; "" References""; ""Chapter 5: Unstructured Finite-Volume Schemes""; ""5.1 Geometrical Quantities of a Control Volume""; ""5.1.1 Two-dimensional case"" 327 $a""Triangular element"" 330 $aComputational Fluid Dynamics: Principles and Applications, Third Edition presents students, engineers, and scientists with all they need to gain a solid understanding of the numerical methods and principles underlying modern computation techniques in fluid dynamics. By providing complete coverage of the essential knowledge required in order to write codes or understand commercial codes, the book gives the reader an overview of fundamentals and solution strategies in the early chapters before moving on to cover the details of different solution techniques. This updated edition includes new 606 $aFluid dynamics$xComputer simulation 606 $aFluid dynamics$xMathematical models 608 $aElectronic books. 615 0$aFluid dynamics$xComputer simulation. 615 0$aFluid dynamics$xMathematical models. 676 $a532.050285 700 $aBlazek$b J$0627399 801 0$bMiAaPQ 801 1$bMiAaPQ 801 2$bMiAaPQ 906 $aBOOK 912 $a9910460391603321 996 $aComputational fluid dynamics$91212855 997 $aUNINA LEADER 03100nam 2200781z- 450 001 9910557477003321 005 20210501 035 $a(CKB)5400000000043027 035 $a(oapen)https://directory.doabooks.org/handle/20.500.12854/69433 035 $a(oapen)doab69433 035 $a(EXLCZ)995400000000043027 100 $a20202105d2020 |y 0 101 0 $aeng 135 $aurmn|---annan 181 $ctxt$2rdacontent 182 $cc$2rdamedia 183 $acr$2rdacarrier 200 00$aNutrition and Fitness$eMental Health 210 $aBasel, Switzerland$cMDPI - Multidisciplinary Digital Publishing Institute$d2020 215 $a1 online resource (138 p.) 311 08$a3-03943-112-9 311 08$a3-03943-113-7 330 $aMens sana in corpore sano (a healthy mind in a healthy body) is a Latin phrase taken from Giovenale (Satire, X, 356) that remains relevant and is supported by today's data regarding genetics and nutrition, and their contribution to mental health. The purpose of this Special Issue on "Nutrition and Fitness: Mental Health" is to provide an update on the latest evidence regarding the association between nutrition, physical activity (and inactivity) and physical fitness, and the mental health of children, adolescents, and adults. Particularly, papers (reviews and clinical or experimental studies) dealing with the association between nutrition, physical fitness, and mental health both in general and with regard to specific mental disorders, and nutrients and physical activity as agents for prevention, treatment, or augmentation of treatment for mental disorders, will be included. 517 $aNutrition and Fitness 606 $aMedicine and Nursing$2bicssc 610 $aadults 610 $aanxiety 610 $acoconut oil 610 $acynicism 610 $adepression 610 $adepressive symptoms 610 $adietary behavior 610 $adisability 610 $aeating disorders 610 $aemotional exhaustion 610 $aenergy intake 610 $aepigallocatechin gallate 610 $afood insecurity 610 $ageneralized estimating equation 610 $ainterleukin-6 610 $amacronutrients 610 $amental health 610 $amicrobiota 610 $amotivation to diet 610 $amotivation to exercise 610 $amultiple sclerosis 610 $an/a 610 $anetwork analysis 610 $anutrition 610 $aobesity 610 $aphysical activity 610 $aphysical performance 610 $aproblematic use of physical activity 610 $aprofessional efficacy 610 $apsychiatry 610 $areview 610 $aschizophrenia 610 $asedentary behavior 610 $atransplantation 610 $avitality 610 $aweight loss program 615 7$aMedicine and Nursing 700 $aDalle Grave$b Riccardo$4edt$0527842 702 $aDalle Grave$b Riccardo$4oth 906 $aBOOK 912 $a9910557477003321 996 $aNutrition and Fitness$93020816 997 $aUNINA LEADER 04028oam 2200901zu 450 001 9911019339803321 005 20250811190555.0 010 $a1-280-55450-9 010 $a9786610554508 010 $a0-470-36146-8 010 $a0-470-85398-0 010 $a0-470-84257-1 035 $a(CKB)111004366689800 035 $a(SSID)ssj0000183102 035 $a(PQKBManifestationID)11179784 035 $a(PQKBTitleCode)TC0000183102 035 $a(PQKBWorkID)10172873 035 $a(PQKB)11759679 035 $a(MiAaPQ)EBC4661305 035 $a(Au-PeEL)EBL4661305 035 $a(CaONFJC)MIL55450 035 $a(OCoLC)85819861 035 $a(EXLCZ)99111004366689800 100 $a20160829d2001 uy 101 0 $aeng 135 $aurcnu|||||||| 181 $ctxt 182 $cc 183 $acr 200 13$aAn introductory guide to disease mapping 205 $a1st ed. 210 31$a[Place of publication not identified]$cJohn Wiley$d2001 215 $a1 online resource (140 pages) 300 $aBibliographic Level Mode of Issuance: Monograph 311 08$a0-471-86059-X 330 $aThis superb introductory guide explains the basic principles underlying the construction and analysis of disease maps. Growing public awareness of environmental hazards has increased the demand for investigations into the geographical distribution of disease and as data resulting from studies is not always straightforward to interpret, there has been a need for an accessible, clearly written introduction to the subject. This book supplies the reader with an array of tools and skills so that maps may be produced and correctly interpreted, and also describes the role of disease mapping within epidemiology, highlighting its important role in studies of environmental health and environmental epidemiology. It provides:* An introduction to new developments in disease mapping* Comprehensive coverage of an active area of research and development* Numerous case studies to highlight the application of the techniques discussedThis text will be invaluable to anyone with an interest in disease mapping, and is an essential volume for both the specialist and the non-specialist. It is of particular relevance to epidemiologists, medical statisticians, geographers, and public health advisors, as well as environmental health workers, occupational health physicians, and infectious disease specialists. 606 $aGeography 606 $aInvestigative Techniques 606 $aStatistics as Topic 606 $aPublic Health 606 $aEnvironment and Public Health 606 $aEarth Sciences 606 $aHealth Care Evaluation Mechanisms 606 $aDelivery of Health Care 606 $aQuality of Health Care 606 $aNatural Science Disciplines 606 $aHealth Care Quality, Access, and Evaluation 606 $aCluster Analysis 606 $aEpidemiologic Methods 606 $aTopography, Medical 606 $aPublic Health$2HILCC 606 $aHealth & Biological Sciences$2HILCC 606 $aMedical Geography$2HILCC 615 2$aGeography. 615 2$aInvestigative Techniques. 615 2$aStatistics as Topic. 615 2$aPublic Health. 615 2$aEnvironment and Public Health. 615 2$aEarth Sciences. 615 2$aHealth Care Evaluation Mechanisms. 615 2$aDelivery of Health Care. 615 2$aQuality of Health Care. 615 2$aNatural Science Disciplines. 615 2$aHealth Care Quality, Access, and Evaluation. 615 2$aCluster Analysis. 615 2$aEpidemiologic Methods. 615 2$aTopography, Medical. 615 7$aPublic Health 615 7$aHealth & Biological Sciences 615 7$aMedical Geography 676 $a614.42 700 $aLawson$b Andrew$g(Andrew B.),$0149118 702 $aWilliams$b Fiona 801 0$bPQKB 906 $aBOOK 912 $a9911019339803321 996 $aAn introductory guide to disease mapping$94418178 997 $aUNINA